000 00466nam a2200157 i 4500
001 101902
003 ES-MaACL
007 t|
008 051026s1970 mx ||||1| spa d
100 1 _aMena Brito, Bernardino.
_980052
245 1 0 _aPaludismo
_b: (Novela de la Tierra Caliente de México) /
_cBernardino Mena Brito.
250 _a3ª ed.
260 _aMéxico :
_bMexicanos Unidos,
_c1970.
300 _a333 p. ;
_c22 cm.
852 _aES-MaACL
_jE-9754
_bR.94050
999 _c101902
_d101902